| 000 | 00887aam a2200301 i 4500 | ||
|---|---|---|---|
| 001 | 768714001 | ||
| 003 | CO-MdFUSB | ||
| 005 | 20240214122838.0 | ||
| 007 | ta | ||
| 008 | 240214t1942 ag ||||| |||| 00| 0 spa d | ||
| 040 | _cCO-MdFUSB | ||
| 041 | 0 | _aspa | |
| 082 | 0 | 4 |
_223 _a264.23 _bQ18m |
| 100 | 1 |
_aQuarles, Lemuel C. _eautor |
|
| 245 | 1 | 0 |
_aManual de música para el cantor evangélico _c/ Lemuel C. Quarles |
| 264 | 1 |
_bJunta Bautista de Publicaciones, _aBuenos Aires, Argentina : _c[1942] |
|
| 264 | 4 | _c©1942 | |
| 300 |
_a61 páginas _c; 18 cm |
||
| 336 |
_atexto _btxt _2rdacontent |
||
| 337 |
_2rdamedia _asin mediación _bn |
||
| 338 |
_2rdacarrier _avolumen _bnc |
||
| 505 | _aEl método del "DO" movible. -- La dirección del canto. -- Vocicultura práctica | ||
| 563 | _aPasta dura | ||
| 653 | _aMúsica | ||
| 653 | _aEnseñanza | ||
| 942 | _cBK | ||
| 945 | _aJTF-925 | ||
| 999 |
_c39314 _d39314 |
||